000 00948nam a2200217 a 4500
001 000040605
005 20201002034239.0
008 130903s2001 dr 000 0 spa d
040 _aDO-SdBNP
_bspa
_cBNPHU
245 0 0 _aGlosario de educación superior, ciencia y tecnología :
_bproyecto /
_ccompilación Rafael Emilio Bello, Gladys Almonte.
250 _a3a. ed.
260 _aSanto Domingo :
_bSEESCTT,
_c2001.
300 _a178 p. ;
_c21 cm.
490 1 _aPublicación de la Secretaría de Estado de Educación Superior
_v4
490 1 _aPublicación de la Secretaría de Estado de Educación Superior
_v4
504 _aBibliografía : p. 177-178
700 1 _aEmilio Bello, Rafael
_ecomp.
_966942
700 1 _aAmonte, Gladys
_ecomp.
_966943
710 2 _aSecretaría de Estado de Educación Superior, Ciencia y Tecnología (República Dominicana)
_966944
830 0 _aPublicación de la Secretaría de Estado de Educación Superior
_v4
_966945
999 _c40095
_d40095